"Russia" in the Answer - Statistics

General Stats
  • This quiz has been taken 465 times
  • The average score is 8 of 20
Answer Stats
Clue Answer % Correct
Lethal game of chance Russian Roulette
97%
Meaning of Belarus's name White Russia
79%
Consists of February & October Russian Revolution
69%
Second James Bond movie From Russia with Love
68%
Children's toy that fits one inside the other (alternate name) Russian Dolls
67%
Official name of Russia Russian Federation
59%
Aspect of the Russian climate that has helped Russia militarily Russian Winter
53%
Was at its peak before 1914 Russian Empire
48%
Cocktail with vodka and coffee Black Russian
38%
Gray cat breed Russian Blue
23%
Russia's national personification Mother Russia
21%
Follow-up of the above Russian Civil War
21%
Patriarch of Moscow and all Rus' is its primate Russian Orthodox Church
20%
War the was ended with the Treaty of Portsmouth Russo-Japanese War
20%
Alaska's name when it was a Russian possession Russian America
19%
War that mainly took place in Abkhazia and South Ossetia Russo-Georgian War
19%
Ruling political party of Russia United Russia
15%
Region between Lake Baikal and Bering Strait Russian Far East
11%
"Bratva" is what some call it Russian Mafia
8%
Type of joke that usually starts with "In Soviet Russia" Russian Reversal
4%
No matching quizzes found
Score Distribution
Percent of People with Each Score
Percentile by Number Answered
Your Score History
You have not taken this quiz